Propuesta para el desarrollo del sistema web de control de registro académico, administrativo y de recursos online del Colegio Mí Redentor SIRAR
Presenta un proyecto de sistema que pretende ayudar al proceso administrativo y brindar información de una forma segura, moderna y actualizada que conlleve a un mejoramiento institucional y así elevar los estándares de calidad.
| Main Authors: | , , |
|---|---|
| Other Authors: | |
| Format: | Tesis Section = Libro |
| Language: | Undetermined Spanish |
| Published: |
Managua
IES-UNI
2018
|
| Subjects: |
| LEADER | 01220nam a2200289Ia 4500 | ||
|---|---|---|---|
| 008 | 240830s9999 xx 000 0 und d | ||
| 040 | |a BIBLIOTECA-RUSB/ Mon 005.74 S211 | ||
| 041 | |a spa | ||
| 082 | |a Mon 005.74 S211 | ||
| 100 | 1 | |a Sánchez Guatemala, Oscar Daniel | |
| 100 | 1 | |b Gutiérrez Ayerdis, Dillan | |
| 100 | 1 | |c Carcache Guzmán, Alder Alberto | |
| 245 | 1 | 0 | |a Propuesta para el desarrollo del sistema web de control de registro académico, administrativo y de recursos online del Colegio Mí Redentor SIRAR |
| 260 | |a Managua |b IES-UNI |c 2018 | ||
| 300 | |a 49 p. :il. | ||
| 500 | |a Contiene: anexos y CD. | ||
| 502 | |a Tesis (Ingeniero en Computación) - IES-UNI, 2018. | ||
| 520 | 3 | |a Presenta un proyecto de sistema que pretende ayudar al proceso administrativo y brindar información de una forma segura, moderna y actualizada que conlleve a un mejoramiento institucional y así elevar los estándares de calidad. | |
| 650 | 7 | |a SISTEMA WEB | |
| 650 | 7 | |b REGISTRO ACADEMICO | |
| 650 | 7 | |c SISTEMA AUTOMATIZADO | |
| 650 | 7 | |d LENGUAJE MODELADO | |
| 650 | 7 | |e CONTROL AUTOMATIZADO | |
| 700 | 1 | |a Tutor: |b Hernández Berroterán, Rhené Gonzalo | |
| 942 | |c BK |2 ddc | ||
| 991 | |a TESIS | ||
| 999 | |c 19831 | ||